00268 a2200109 4500020001800000100002000018245003600038260002900074300001100103650002400114700002000138 a9780141185521 aSteinbeck, John aSweet Thursdayc John Steinbeck aUSAbPenguin Groupc1982 a260 p. aAmerican literature a John Steinbeck